000 00612nam a2200253Ia 4500
005 20260121114128.0
008 008 260114s9999 xx 000 0 eng d
020 _a9781119725008
037 _aEBOOK
040 _aCRL
040 _beng
040 _cCRL
041 _2eng
041 _aeng
084 _qCRL
100 _aMohd Imran Inamuddin
_9971204
245 0 _aBiofuel Cells - Materials and Challenges
260 _bWiley
260 _c2021
856 _uhttps://onlinelibrary.wiley.com/doi/book/10.1002/9781119725008
942 _cEBOOK
999 _c1550459
_d1550459